[Event "Olympiad-43"]
[Site "Batumi"]
[Date "2018.10.03"]
[Round "9.3"]
[White "Chipanga, Chiletso"]
[Black "Ponomarenko, John"]
[Result "1-0"]
[WhiteElo "2153"]
[BlackElo "1631"]
[PlyCount "39"]
[EventDate "2018.09.24"]
[EventType "team-swiss"]
[EventRounds "11"]
[EventCountry "GEO"]
[SourceTitle "CBM 187"]
[Source "ChessBase"]
[SourceDate "2018.12.11"]
[SourceVersion "1"]
[SourceVersionDate "2018.12.11"]
[SourceQuality "1"]
[WhiteTeam "Malawi"]
[BlackTeam "Jersey"]
[WhiteTeamCountry "MWI"]
[BlackTeamCountry "GCI"]

1. d4 d5 2. c4 Nf6 3. cxd5 Nxd5 4. e4 Nf6 5. Nc3 e6 6. Nf3 Bb4 7. Bg5 h6 8. Bxf6 gxf6 9. Be2 Bd7 10. 0-0 Nc6 11. d5 Ne5 12. Nd4 Qe7 13. dxe6 fxe6 14. Bh5+ Nf7 15. Nf5 Qf8 16. Qb3 0-0-0 17. Bxf7 Qxf7 18. Rac1 Ba5 19. Nb5 Bb6 20. Nfd6+ 1-0